| 000 | 01506cam a22004098a 4500 | ||
|---|---|---|---|
| 090 | _c10438 | ||
| 001 | 14806083 | ||
| 005 | 20201128013458.0 | ||
| 008 | 070412s2007 nyu b 001 0 eng | ||
| 010 | _a2007014022 | ||
| 020 | _a9780415374064 (hbk : alk. paper) | ||
| 020 | _a9780415374071 (pbk : alk. paper) | ||
| 020 | _a9780203098875 (ebk : alk. paper) | ||
| 020 | _a0415374065 (hbk : alk. paper) | ||
| 020 | _a0415374073 (pbk : alk. paper) | ||
| 020 | _a0203098870 (ebk : alk. paper) | ||
| 040 |
_aDLC _cDLC _dDLC |
||
| 050 | 0 | 0 |
_aHT166 _b.G614 2007 |
| 082 | 0 | 0 |
_a307.121609 _222 _bOLY |
| 245 | 1 | 0 |
_aOlympic Cities : _bCity Agendas, Planning, and the World's Games, 1896-2012 / _cedited by John R. Gold and Margaret M. Gold. |
| 260 |
_aNew York : _bRoutledge, _cc2007. |
||
| 263 | _a0709 | ||
| 300 |
_axv, 348 p. : _bill. ; _c24 cm. |
||
| 490 | 0 | _aPlanning, history, and the environment series | |
| 504 | _aIncludes bibliographical references and index. | ||
| 650 | 0 |
_aCity planning _xHistory. |
|
| 650 | 0 |
_aMunicipal government _xHistory. |
|
| 650 | 0 |
_aMunicipal services _xHistory. |
|
| 650 | 0 |
_aOlympics _xHistory. _912883 |
|
| 650 | 0 |
_aOlympics _xPlanning. _912883 |
|
| 650 | 0 |
_aOlympics _xManagement _xHistory. _912883 |
|
| 700 | 1 |
_aGold, Margaret M. _931916 |
|
| 700 | 1 |
_aGold, John Robert _91851 |
|
| 856 | 4 | 1 |
_3Table of contents only _uhttp://www.loc.gov/catdir/toc/ecip0715/2007014022.html |
| 942 |
_2ddc _cBB |
||
| 999 |
_c10438 _d10438 |
||